Statistics for Top 10 European Countries by English Proficiency

Click here to take the quiz!

General Stats

  • This quiz has been taken 22,384 times
  • The average score is 8 of 10

Answer Stats

% Country % Correct
98United Kingdom
98%
98Ireland
97%
86Sweden
92%
70Germany
92%
90Norway
91%
90Netherlands
87%
86Denmark
86%
70Finland
86%
73Austria
62%
89Malta
45%

Score Distribution

Percentile by Number Answered

Percent of People with Each Score

Your Score History

You have not taken this quiz